Norway vs Sweden - Statistics

General Stats
  • This quiz has been taken 53 times
    52 since last reset
  • The average score is 12 of 15
Answer Stats
Question Answer % Correct
The archipelago of Svalbard belongs to this country. Norway
100%
The Prime Minister, Olof Palme, was assassinated in 1986 in his home country. Which country? Sweden
100%
IKEA is a very annoying furniture retailer that we all hate. Where was it founded? Sweden
100%
This country borders Russia. Norway
93%
One of these countries was attacked on april 9th,1940. Norway
93%
There are huge malls just across the border because it`s cheaper on the other side. Where is it cheaper? Sweden
93%
King Harald rules. Where? Norway
86%
The tallest mountain in Scandinavia, Galdhøpiggen, is where? Norway
86%
Which of these two countries are closest to Denmark? Sweden
86%
This country has won the Eurovision Song Contest three times. Norway
71%
Bjørn Borg was a good tennis player. Where is he from? Sweden
64%
The highest earner in PGA golf ever (?). The ex-wife of Tiger Woods. Elin Nordegren. Where is she from? Sweden
64%
Where do they hand out the Nobel Peace Price? Norway
57%
Ingemar Stenmark was a good skier. Where is he from? Sweden
57%
The eastern coast of this country borders the Gulf of Bothnia. Sweden
57%
No matching quizzes found
Score Distribution
Percent of People with Each Score
Percentile by Number Answered
Your Score History
You have not taken this quiz since the last reset